| 000 | 00360cam a22001097a 4500 | ||
|---|---|---|---|
| 008 | 180718bAmeya Inspiring Books xxu||||| |||| 00| 0 eng d | ||
| 020 | _a9789350800997 | ||
| 245 |
_aDemonetisation dharmayuddha for a better tomorrow _cedited by Sharad Vasudeo Khare |
||
| 260 |
_a _bPune _cAmeya Inspiring Books |
||
| 300 | _a400p. | ||
| 700 | _aKhare, Sharad Vasudeo | ||
| 999 |
_c446225 _d446225 |
||